| 000 | 01064pam a2200337 a 4500 | ||
|---|---|---|---|
| 001 | 13427576 | ||
| 003 | OSt | ||
| 005 | 20240716163956.0 | ||
| 008 | 031206s2003 nyu j 000 1 eng | ||
| 010 | _a 2003536687 | ||
| 020 | _a0-439-40171-2 | ||
| 035 | _a(OCoLC)ocm50913506 | ||
| 040 |
_aDLC _cDLC _dDLC |
||
| 042 | _alcac | ||
| 050 | 0 | 0 |
_aPZ 7 _b.F576 2002 |
| 100 | 1 |
_aFlake, Sharon G. _929385 |
|
| 245 | 1 | 0 |
_aMoney hungry / _cSharon G. Flake. |
| 260 |
_aNew York : _bScholastics _cc2001. |
||
| 300 |
_a187 p. ; _c20 cm. |
||
| 526 | _c1060 | ||
| 650 | 1 |
_aPoverty _vFiction. _929386 |
|
| 650 | 1 |
_aFathers and daughters _vFiction. _929387 |
|
| 650 | 1 |
_aHomeless persons _vFiction. _929388 |
|
| 650 | 1 |
_aInner cities _vFiction. _929389 |
|
| 650 | 1 |
_aAfrican Americans _vFiction. _929390 |
|
| 856 | 4 | 2 |
_3Publisher description _uhttp://www.loc.gov/catdir/enhancements/fy0912/2003536687-d.html |
| 906 |
_a7 _bcbc _cpccadap _d2 _encip _f20 _gy-gencatlg |
||
| 942 |
_2lcc _cBK |
||
| 999 |
_c34934 _d34934 |
||